000 00642cam a2200253 4500
001 M1804
008 090401t1994 xxu||||| |||| 00| 0 eng d
035 _a(Sirsi) u34626
041 _aeng
050 _a333.335
110 _aMinistry of AgricultureFisheries and Food
_91286
245 _aFarm rents in England: results of 1993 annual rent enquiry.
260 _aLondon
_bMAFF
_c1994
300 _a35p. : ill.,maps ; 30cm.
350 _a11
490 _aSTATS
_v46/94
650 _aFARM LAND
650 _aFARM RENTS
650 _aRENT
650 _aSTATISTICS
690 _aRURAL PRACTICE
942 _n0
948 _c04/03/1997
999 _c89972
_d89972